| 000 | 00536nam#a22002175ar4500 | ||
|---|---|---|---|
| 001 | 416 | ||
| 008 | 060927s1980####ag#####g#b###||01#|bspa#d | ||
| 245 | 1 | 0 |
_aMartín Fierro / _cJosé Hernández. |
| 250 | _a7ª ed. | ||
| 260 |
_aBuenos Aires : _bKapelusz, _c1980. |
||
| 300 |
_a247 p. ; _c11 cm. |
||
| 100 | 1 | _aHernández, José. | |
| 080 | _a82133 | ||
| 084 | _aH45- 1980 | ||
| 653 | _aLiteratura Gauchesca | ||
| 653 | _aJuicios Críticos | ||
| 040 |
_aAR-ClEAG _cAR-ClEAG |
||
| 005 | 20241107184635.0 | ||
| 003 | AR-ClEAG | ||
| 942 | _cBK | ||
| 999 |
_c416 _d416 |
||
| 980 |
_62 _aEvangelina Gallicchio _82 _gEvangelina Gallicchio |
||